000
00271nam a2200097Ia 4500
001
1207425
005
20250827022825.0
008
250824s9999 xx 000 0 und d
245
0
_a
GENÇLERLE HAYATIN COĞRAFYASINI KEŞFETMEK
_c
HALUK DURSUN
260
_b
YEDİTEPE YAYINLARI
999
_c
1207425
_d
1207425